[Event "3. Torneo Master Benidorm"]
[Site "Benidorm ESP"]
[Date "2006.12.09"]
[Round "7.5"]
[White "Remoli Sargues, Francisco"]
[Black "Vidarte Morales, Arturo"]
[Result "0-1"]
[WhiteElo "2278"]
[BlackElo "2405"]
[PlyCount "108"]
[EventDate "2006.12.07"]
[EventType "swiss (rapid)"]
[EventRounds "9"]
[EventCountry "ESP"]
[Source "lmi"]
[SourceDate "2006.12.07"]

1. e4 c5 2. Nf3 e6 3. d3 Nc6 4. g3 Nge7 5. Bg2 d5 6. Nbd2 g6 7. O-O Bg7 8. Re1
b6 9. c3 Bb7 10. Qe2 h6 11. h4 Qc7 12. e5 g5 13. hxg5 hxg5 14. Nxg5 Qxe5 15. f4
Qxe2 16. Rxe2 Ba6 17. c4 Nd4 18. Rf2 Nc2 19. Rb1 Bd4 20. Ndf3 Bxf2+ 21. Kxf2
Nb4 22. Ne5 f6 23. a3 Nxd3+ 24. Nxd3 Bxc4 25. Nxc5 bxc5 26. Nxe6 Rc8 27. b4 Bd3
28. Rb3 c4 29. Rc3 Kf7 30. Nd4 Rh2 31. Kg1 Rch8 32. Nf3 R2h7 33. Be3 Nf5 34.
Bf2 Rg7 35. Nd4 Nxd4 36. Bxd4 Ke6 37. Kf2 Rhg8 38. Bh3+ Kd6 39. g4 Rg6 40. Bxa7
Rh6 41. Kg3 Bf5 42. Bc5+ Kc6 43. Bd4 Bxg4 44. Bxg4 f5 45. Be5 Rxg4+ 46. Kf2
Rh2+ 47. Kf1 Rgg2 48. a4 Ra2 49. Kg1 Rhg2+ 50. Kh1 Rgd2 51. b5+ Kb7 52. Rc1
Rxa4 53. Bc3 Rd3 54. Be5 d4 0-1

[Event "3. Torneo Master Benidorm"]
[Site "Benidorm ESP"]
[Date "2006.12.10"]
[Round "8.1"]
[White "Damaso, Rui"]
[Black "Delchev, Aleksander"]
[Result "1/2-1/2"]
[WhiteElo "2449"]
[BlackElo "2628"]
[PlyCount "57"]
[EventDate "2006.12.07"]
[EventType "swiss (rapid)"]
[EventRounds "9"]
[EventCountry "ESP"]
[Source "lmi"]
[SourceDate "2006.12.07"]

1. c4 Nf6 2. d4 e6 3. Nf3 d5 4. Nc3 Bb4 5. Bg5 h6 6. Bxf6 Qxf6 7. e3 O-O 8. Bd3
dxc4 9. Bxc4 c5 10. O-O cxd4 11. exd4 Nc6 12. Ne4 Qe7 13. Qe2 Ba5 14. Rad1 Bb6
15. h3 Rd8 16. d5 exd5 17. Bxd5 Bf5 18. Ng3 Qxe2 19. Nxe2 Nb4 20. Bxb7 Rab8 21.
Rxd8+ Bxd8 22. Ng3 Rxb7 23. Nxf5 Nxa2 24. Re1 Bf6 25. Nd6 Rd7 26. Nc4 Kf8 27.
g3 Nb4 28. Re2 Nc6 29. Kg2 1/2-1/2

[Event "3. Torneo Master Benidorm"]
[Site "Benidorm ESP"]
[Date "2006.12.10"]
[Round "8.2"]
[White "Vidarte Morales, Arturo"]
[Black "Kozul, Zdenko"]
[Result "0-1"]
[WhiteElo "2405"]
[BlackElo "2589"]
[PlyCount "108"]
[EventDate "2006.12.07"]
[EventType "swiss (rapid)"]
[EventRounds "9"]
[EventCountry "ESP"]
[Source "lmi"]
[SourceDate "2006.12.07"]

1. c4 g6 2. Nc3 Bg7 3. d4 d6 4. e4 Nf6 5. f3 O-O 6. Bg5 c6 7. Qd2 a6 8. Bd3 b5
9. Nge2 Nbd7 10. O-O Bb7 11. Kh1 e5 12. d5 b4 13. Na4 c5 14. b3 Kh8 15. g4 Qc7
16. Ng3 Ng8 17. Bc2 Rae8 18. Nb2 Bc8 19. a3 a5 20. Nd3 Bf6 21. Be3 Bh4 22. Ra2
Qd8 23. axb4 axb4 24. Ra7 Kg7 25. Kg2 h6 26. Ra8 Bg5 27. Rfa1 Bxe3 28. Qxe3 Qh4
29. Nf2 Ndf6 30. R8a7 Nh7 31. Rc7 Re7 32. Rc6 Rd8 33. Ra8 Ree8 34. Ra7 Qf6 35.
Rcc7 Re7 36. Nd3 Rxc7 37. Rxc7 Re8 38. h3 Qd8 39. Ra7 Re7 40. Ra8 Qc7 41. f4
exf4 42. Qxf4 Ngf6 43. e5 dxe5 44. Qe3 Bb7 45. Ra1 Bxd5+ 46. cxd5 Nxd5 47. Qe1
Nf4+ 48. Kh2 Ng5 49. Qe3 Nfxh3 50. Rf1 c4 51. Nxb4 Nf4 52. bxc4 Qxc4 53. Qb3
Qb5 54. Nd5 Qxd5 0-1

[Event "3. Torneo Master Benidorm"]
[Site "Benidorm ESP"]
[Date "2006.12.10"]
[Round "8.4"]
[White "Cabrera, Alexis"]
[Black "Fokin, Sergey"]
[Result "1-0"]
[WhiteElo "2508"]
[BlackElo "2157"]
[PlyCount "51"]
[EventDate "2006.12.07"]
[EventType "swiss (rapid)"]
[EventRounds "9"]
[EventCountry "ESP"]
[Source "lmi"]
[SourceDate "2006.12.07"]

1. e4 c5 2. Nc3 e6 3. Nf3 a6 4. g3 Nc6 5. Bg2 Nf6 6. O-O d5 7. exd5 Nxd5 8.
Nxd5 Qxd5 9. d4 Nxd4 10. Nd2 Qd8 11. Nc4 Be7 12. Bf4 f6 13. c3 e5 14. cxd4 exf4
15. d5 Bd6 16. Re1+ Kf7 17. Bh3 b5 18. Be6+ Bxe6 19. dxe6+ Ke7 20. Qg4 g6 21.
Nxd6 Qxd6 22. Rad1 Qc6 23. Rd7+ Ke8 24. Qxf4 Rf8 25. Qh6 Rh8 26. Qxg6+ 1-0

[Event "3. Torneo Master Benidorm"]
[Site "Benidorm ESP"]
[Date "2006.12.10"]
[Round "8.5"]
[White "Vassallo Barroche, Mauricio"]
[Black "Mena Corrochano, Alberto"]
[Result "1-0"]
[WhiteElo "2380"]
[BlackElo "2149"]
[PlyCount "59"]
[EventDate "2006.12.07"]
[EventType "swiss (rapid)"]
[EventRounds "9"]
[EventCountry "ESP"]
[Source "lmi"]
[SourceDate "2006.12.07"]

1. Nf3 d5 2. b3 Nf6 3. Bb2 e6 4. e3 Be7 5. c4 O-O 6. d4 b6 7. Bd3 Bb7 8. O-O
Nbd7 9. Nc3 Ne4 10. Ne2 Bd6 11. Ng3 f5 12. Ne5 Nxg3 13. hxg3 Nxe5 14. dxe5 Bc5
15. Rc1 Qe7 16. Qe2 Rad8 17. cxd5 Bxd5 18. Rfd1 a5 19. Bd4 Bxd4 20. exd4 f4 21.
Qg4 f3 22. Bc4 fxg2 23. Bxd5 Rxd5 24. Rc6 Rf5 25. Rdc1 Rd7 26. d5 h5 27. Qg6
exd5 28. Qg4 Qd8 29. R6c4 dxc4 30. Qd1 1-0

[Event "3. Torneo Master Benidorm"]
[Site "Benidorm ESP"]
[Date "2006.12.10"]
[Round "8.6"]
[White "Dutina, Dario"]
[Black "Baches Garcia, Guillermo"]
[Result "1/2-1/2"]
[WhiteElo "2298"]
[BlackElo "2379"]
[PlyCount "62"]
[EventDate "2006.12.07"]
[EventType "swiss (rapid)"]
[EventRounds "9"]
[EventCountry "ESP"]
[Source "lmi"]
[SourceDate "2006.12.07"]

1. e4 c5 2. Nc3 d6 3. f4 g6 4. Nf3 Bg7 5. Bb5+ Bd7 6. Bxd7+ Qxd7 7. O-O Nc6 8.
d3 Nf6 9. Qe1 O-O 10. Bd2 Nd4 11. Nxd4 cxd4 12. Ne2 Rac8 13. c4 dxc3 14. Bxc3
b5 15. Kh1 Ng4 16. Bxg7 Kxg7 17. Qd2 Rc5 18. Rac1 Rfc8 19. h3 Nf6 20. b4 R5c7
21. Rxc7 Qxc7 22. Rc1 Qb7 23. Rc3 Rd8 24. Qc2 Qb6 25. Rc7 Rd7 26. Rc8 Qf2 27.
f5 Qe1+ 28. Kh2 Ng4+ 29. hxg4 Qh4+ 30. Kg1 Qe1+ 31. Kh2 Qf2 1/2-1/2

[Event "3. Torneo Master Benidorm"]
[Site "Benidorm ESP"]
[Date "2006.12.10"]
[Round "9.1"]
[White "Kozul, Zdenko"]
[Black "Damaso, Rui"]
[Result "1-0"]
[WhiteElo "2589"]
[BlackElo "2449"]
[PlyCount "86"]
[EventDate "2006.12.07"]
[EventType "swiss (rapid)"]
[EventRounds "9"]
[EventCountry "ESP"]
[Source "lmi"]
[SourceDate "2006.12.07"]

1. d4 Nf6 2. Nf3 e6 3. c4 b6 4. a3 Bb7 5. Nc3 g6 6. Bf4 Bg7 7. e3 O-O 8. h3 d6
9. Be2 c5 10. dxc5 dxc5 11. Qc2 a6 12. Rd1 Qc8 13. O-O Nbd7 14. e4 Bc6 15. e5
Nh5 16. Bh2 Qb7 17. Qc1 f6 18. exf6 Ndxf6 19. Rfe1 Ne4 20. Nxe4 Bxe4 21. Qe3
Bxb2 22. Ng5 Bd4 23. Rxd4 cxd4 24. Qxe4 Qxe4 25. Nxe4 Nf4 26. Bf1 e5 27. a4
Rad8 28. Rd1 d3 29. Bxf4 exf4 30. c5 bxc5 31. Nxc5 Rf5 32. Rxd3 Rxd3 33. Nxd3
g5 34. f3 Kf8 35. Kf2 Ke7 36. Nb4 a5 37. Nc6+ Kd6 38. Bb5 Rc5 39. Nxa5 Rc2+ 40.
Kg1 Kc5 41. Nc6 h6 42. Ne5 Rc1+ 43. Kh2 Kd5 1-0

[Event "3. Torneo Master Benidorm"]
[Site "Benidorm ESP"]
[Date "2006.12.10"]
[Round "9.2"]
[White "Delchev, Aleksander"]
[Black "Cabrera, Alexis"]
[Result "1-0"]
[WhiteElo "2628"]
[BlackElo "2508"]
[PlyCount "79"]
[EventDate "2006.12.07"]
[EventType "swiss (rapid)"]
[EventRounds "9"]
[EventCountry "ESP"]
[Source "lmi"]
[SourceDate "2006.12.07"]

1. e4 e5 2. Nf3 Nc6 3. Bc4 Nf6 4. d3 Be7 5. O-O O-O 6. Re1 d6 7. a4 Kh8 8. a5
a6 9. c3 Qe8 10. Nbd2 Nh5 11. d4 Nf4 12. Nf1 Ng6 13. Ng3 Bg4 14. Be2 Rd8 15. d5
Bxf3 16. Bxf3 Nb8 17. Qb3 Nd7 18. Qxb7 Nc5 19. Qc6 Qxc6 20. dxc6 Nb3 21. Ra4
Rb8 22. Be3 Nf4 23. Rd1 Rb5 24. Nf5 Bf6 25. g3 Ne6 26. Ra3 Rfb8 27. Ba7 Ra8 28.
Be2 Rxa5 29. Rxb3 Rxa7 30. Rb8+ Nd8 31. Ne3 g6 32. Nd5 Kg7 33. Nxf6 Nxc6 34.
Ne8+ Kf8 35. Rc8 Ke7 36. Rxc7+ Rxc7 37. Nxc7 Ra2 38. Nd5+ Kd7 39. Nb6+ Kc7 40.
Nc4 1-0

[Event "3. Torneo Master Benidorm"]
[Site "Benidorm ESP"]
[Date "2006.12.10"]
[Round "9.4"]
[White "Camarena Gimenez, Rufino"]
[Black "Vassallo Barroche, Mauricio"]
[Result "1-0"]
[WhiteElo "2330"]
[BlackElo "2380"]
[PlyCount "35"]
[EventDate "2006.12.07"]
[EventType "swiss (rapid)"]
[EventRounds "9"]
[EventCountry "ESP"]
[Source "lmi"]
[SourceDate "2006.12.07"]

1. d4 f5 2. g3 Nf6 3. Bg2 e6 4. c4 Bb4+ 5. Nd2 O-O 6. Ngf3 Nc6 7. O-O a5 8. Qc2
d6 9. Nb1 e5 10. a3 e4 11. axb4 exf3 12. exf3 Nxd4 13. Qd1 Nc6 14. bxa5 Rxa5
15. Rxa5 Nxa5 16. f4 Be6 17. b3 d5 18. Qe1 1-0

[Event "3. Torneo Master Benidorm"]
[Site "Benidorm ESP"]
[Date "2006.12.10"]
[Round "9.6"]
[White "Cappon, John"]
[Black "Vidarte Morales, Arturo"]
[Result "0-1"]
[WhiteElo "2240"]
[BlackElo "2405"]
[PlyCount "84"]
[EventDate "2006.12.07"]
[EventType "swiss (rapid)"]
[EventRounds "9"]
[EventCountry "ESP"]
[Source "lmi"]
[SourceDate "2006.12.07"]

1. e4 c5 2. Nf3 e6 3. d4 cxd4 4. Nxd4 a6 5. Nc3 Qc7 6. Bd3 b5 7. O-O Bb7 8. Qe2
Nc6 9. Be3 Rc8 10. f4 Nxd4 11. Bxd4 Bc5 12. Bxc5 Qxc5+ 13. Kh1 Ne7 14. Qg4 O-O
15. Rf3 f5 16. Qh4 Ng6 17. Qg3 b4 18. exf5 exf5 19. Ne2 Bxf3 20. Qxf3 a5 21.
Rd1 Rce8 22. Ng3 Re3 23. Qf1 Kh8 24. Bc4 Qc7 25. Nh5 Qd8 26. Qf2 Qe7 27. Bb5 d5
28. Bd3 d4 29. Ng3 Qh4 30. Rf1 Ne7 31. Kg1 Nd5 32. Nxf5 Qxf2+ 33. Kxf2 Rxd3 34.
cxd3 Rxf5 35. g3 g5 36. Kf3 gxf4 37. Ke4 Rh5 38. Kxd4 fxg3 39. hxg3 Kg7 40. g4
Rg5 41. Rc1 Nf6 42. Rc5 Rxc5 0-1